00710nam a2200181 a 4500008004100000050001700041110002500058245009200083250000900175260003300184300000900217350000900226650003000235650003400265995009200299999001700391952012000408080901s2006 ||||||||||||||||| || u aBOZ(058)MFAZ aBank Of Zambia (BOZ)10aMeasuring financial access In Zambia: finscope Zambia 2005: summary of topline findings a2005 aLusakabBank of Zambiac2006 a12p. a0.00 aBANKS AND BANKING--ZAMBIA 0aFINANCE--DEVELOPING COUNTRIES D0.00FCBU-MAIN LIBRARY (Kitwe)H1I0.00M1UAVAILABLEWSep 1, 2008ZZambiana Collection c50855d50855 00102lcc4070a001b001cZambiana Collectiond2022-11-30l0oBOZ(058)MFAZpZ03002597r2022-11-30w2022-11-30y002